Where Was That TV Show? - City Edition - Statistics

General Stats
  • This quiz has been taken 31 times
  • The average score is 16 of 52
Answer Stats
Show City, Town, Burg, Hamlet,
What have you
% Correct
It's Always Sunny In ____________ Philadelphia
95%
Cheers Boston
80%
Frasier Seattle
80%
The Simpsons Springfield
80%
Breaking Bad Albuquerque
75%
The Flintstones Bedrock
70%
WKRP In __________ Cincinnati
70%
Magnum, P.I. Honolulu
70%
The Office (U.S.A.) Scranton
70%
CSI (original series) Las Vegas
65%
Veep Washington, D.C.
65%
Boardwalk Empire Atlantic City
60%
The Drew Carey Show Cleveland
60%
Happy Days Milwaukee
60%
The Wire Baltimore
55%
Home Improvement Detroit
55%
Family Guy Quahog
55%
The Andy Griffith Show Mayberry
35%
The Mary Tyler Moore Show Minneapolis
35%
Degrassi Toronto
30%
Gunsmoke Dodge City
25%
Three's Company San Diego
25%
The Vicar Of ______ Dibley
20%
Neighbours Erinsborough
20%
Reba Houston
20%
Shameless (U.K. show) Manchester
20%
Tremé New Orleans
20%
Alice Phoenix
20%
House, M.D. Princeton
20%
That '70s Show Point Place
15%
Charmed San Francisco
15%
Where is Fawlty Towers? ¿Que? Torquay
15%
Coronation Street Weatherfield
15%
Citizen Khan Birmingham
10%
I Dream Of Jeannie Cocoa Beach
10%
Fargo, season 4 Kansas City
10%
Burn Notice Miami
10%
Doc Martin Portwenn / Port Isaac
10%
True Blood Bon Temps
5%
Murder, She Wrote Cabot Cove, Maine
5%
Stranger Things Hawkins, Indiana
5%
Desperate Scousewives Liverpool
5%
The Mentalist Sacramento
5%
Dad's Army Walmington-on-Sea
5%
Little House On The Prairie Walnut Grove
5%
PAW Patrol Adventure Bay
0%
Father Ted Craggy Island
0%
All Creatures Great And Small Darrowby
0%
Still Game Glasgow
0%
Green Acres Hooterville
0%
Mr. Rogers' Neighborhood Pittsburgh
0%
Mr. Inbetween Sydney
0%
No matching quizzes found
Score Distribution
Percent of People with Each Score
Percentile by Number Answered
Your Score History
You have not taken this quiz